Integrated Solid Waste Management : (Record no. 17293)
[ view plain ]
| 000 -LEADER | |
|---|---|
| fixed length control field | 00924pam a2200253 a 4500 |
| 001 - CONTROL NUMBER | |
| control field | 4870263 |
| 005 - DATE AND TIME OF LATEST TRANSACTION | |
| control field | 20130214132105.0 |
| 008 - FIXED-LENGTH DATA ELEMENTS--GENERAL INFORMATION | |
| fixed length control field | 920916s1993 nyua b 001 0 eng |
| 020 ## - INTERNATIONAL STANDARD BOOK NUMBER | |
| International Standard Book Number | 0070632375 |
| 020 ## - INTERNATIONAL STANDARD BOOK NUMBER | |
| International Standard Book Number | 9780071128650 |
| 082 00 - DEWEY DECIMAL CLASSIFICATION NUMBER | |
| Classification number | 363.7285 |
| Edition number | 20 |
| Item number | TCH |
| 100 1# - MAIN ENTRY--PERSONAL NAME | |
| Personal name | Tchobanoglous, George. |
| 9 (RLIN) | 32601 |
| 245 10 - TITLE STATEMENT | |
| Title | Integrated Solid Waste Management : |
| Remainder of title | Engineering Principles and Management Issues / |
| Statement of responsibility, etc | George Tchobanoglous, Hilary Theisen, Samuel Vigil. |
| 260 ## - PUBLICATION, DISTRIBUTION, ETC. (IMPRINT) | |
| Place of publication, distribution, etc | New York : |
| Name of publisher, distributor, etc | McGraw-Hill, |
| Date of publication, distribution, etc | c1993. |
| 300 ## - PHYSICAL DESCRIPTION | |
| Extent | xxi, 978 p. : |
| Other physical details | ill. ; |
| Dimensions | 25 cm. |
| 440 #0 - | |
| -- | McGraw-Hill series in water resources and environmental engineering |
| -- | 18946 |
| 504 ## - BIBLIOGRAPHY, ETC. NOTE | |
| Bibliography, etc | Includes bibliographical references and indexes. |
| 650 #0 - SUBJECT ADDED ENTRY--TOPICAL TERM | |
| Topical term or geographic name as entry element | Refuse and refuse disposal. |
| 9 (RLIN) | 32602 |
| 650 #0 - SUBJECT ADDED ENTRY--TOPICAL TERM | |
| Topical term or geographic name as entry element | Hazardous wastes. |
| 9 (RLIN) | 32603 |
| 653 ## - INDEX TERM--UNCONTROLLED | |
| Resource For college | |
| Arrived date list | February2013 |
| 700 1# - ADDED ENTRY--PERSONAL NAME | |
| Personal name | Theisen, Hilary. |
| 9 (RLIN) | 32604 |
| 700 1# - ADDED ENTRY--PERSONAL NAME | |
| Personal name | Vigil, S. A. |
| 9 (RLIN) | 32605 |
| 942 ## - ADDED ENTRY ELEMENTS (KOHA) | |
| Source of classification or shelving scheme | Dewey Decimal Classification |
| Item type | Book - Borrowing |
| Withdrawn status | Item status | Source of classification or shelving scheme | Damaged status | Not for loan | Vendor | Home library | Current library | Shelving location | Date acquired | Source of acquisition | Total Checkouts | Total Renewals | Full call number | Barcode | Date last seen | Date last borrowed | Koha item type | Checked out |
|---|---|---|---|---|---|---|---|---|---|---|---|---|---|---|---|---|---|---|
| Dewey Decimal Classification | Baccah | Central Library | Central Library | First floor | 14/02/2013 | 2 | 38 | 363.7285 TCH | 000028245 | 15/07/2025 | 08/12/2014 | Book - Borrowing | ||||||
| Dewey Decimal Classification | Baccah | Central Library | Central Library | First floor | 14/02/2013 | 3 | 3 | 363.7285 TCH | 000028246 | 17/01/2022 | 17/01/2022 | Book - Borrowing | 16/02/2022 | |||||
| Dewey Decimal Classification | Baccah | Central Library | Central Library | First floor | 14/02/2013 | 1 | 363.7285 TCH | 000028247 | 15/07/2025 | 04/02/2014 | Book - Borrowing |